Statistics for Mitsubishi Car Models by Picture

Click here to take the quiz!

General Stats

  • This quiz has been taken 16 times
  • The average score is 7 of 16

Answer Stats

Answer% Correct
Outlander PHEV
83%
ASX
67%
Lancer Evolution
67%
Eclipse Sport
58%
Galant
58%
L200 GLX
58%
Pajero Sport
58%
Carisma
50%
i-MIEV
50%
Mirage
50%
Montero Sport
33%
Attrage
25%
L300
25%
Xpander
25%
Delica Mini
8%
Endeavor
8%

Score Distribution

Percentile by Number Answered

Percent of People with Each Score

Your Score History

You have not taken this quiz